[Event "Mittelrhein Regionalliga 1920"]
[Site "Mittelrhein"]
[Date "2020.02.16"]
[Round "6.4"]
[White "Lemaic, Mile"]
[Black "Wilke, Christopher"]
[Result "0-1"]
[WhiteElo "1976"]
[BlackElo "1942"]
[PlyCount "108"]
[EventDate "2019.09.29"]
[EventType "team-tourn"]
[EventRounds "9"]
[EventCountry "GER"]
[SourceTitle "EXT 2023"]
[Source "ChessBase"]
[SourceDate "2022.10.05"]
[SourceVersion "1"]
[SourceVersionDate "2022.10.05"]
[SourceQuality "1"]
[WhiteTeam "Koeln SF II"]
[BlackTeam "Niederkassel II"]
[WhiteTeamCountry "GER"]
[BlackTeamCountry "GER"]

1. e4 c6 2. d4 d5 3. e5 Bf5 4. h4 h5 5. Bd3 Bxd3 6. Qxd3 e6 7. c4 dxc4 8. Qxc4 Qd5 9. Qxd5 cxd5 10. Nc3 Nc6 11. Be3 Nh6 12. Nf3 Nf5 13. Rc1 Be7 14. Kd2 0-0 15. Rcg1 Na5 16. g4 Nc4+ 17. Ke2 Nfxe3 18. fxe3 Nxb2 19. gxh5 Rac8 20. Rc1 a6 21. e4 dxe4 22. Nxe4 b5 23. Nd6 Bxd6 24. exd6 Nc4 25. d7 Rcd8 26. Rhg1 Rxd7 27. h6 f6 28. a4 Kh7 29. axb5 axb5 30. Rb1 Rb8 31. Rgc1 Rdb7 32. hxg7 Kxg7 33. Rb4 Nd6 34. Rc6 Rb6 35. Rc7+ Kh6 36. Nh2 Rg8 37. Kf3 f5 38. Re7 Ne4 39. Kf4 Nc3 40. Ke5 Nd5 41. Rxe6+ Rxe6+ 42. Kxd5 Re2 43. Nf3 Rd8+ 44. Kc6 Rc2+ 45. Kb7 Rd5 46. Ne1 Rc4 47. Rxc4 bxc4 48. Nc2 f4 49. Kc6 Rd8 50. Kc7 Rf8 51. d5 c3 52. d6 f3 53. d7 f2 54. Ne3 c2 0-1

[Event "Mittelrhein Regionalliga 18/19"]
[Site "Nordrheinwestfalen"]
[Date "2018.10.28"]
[Round "3.4"]
[White "Suppert, Timur"]
[Black "Lemaic, Mile"]
[Result "1-0"]
[WhiteElo "2062"]
[BlackElo "1969"]
[PlyCount "87"]
[EventDate "2018.10.28"]
[EventType "team-tourn"]
[EventRounds "11"]
[EventCountry "GER"]
[SourceTitle "EXT 2022"]
[Source "ChessBase"]
[SourceDate "2021.10.06"]
[SourceVersion "1"]
[SourceVersionDate "2021.10.06"]
[SourceQuality "1"]
[WhiteTeam "Bonn Stadtverwaltung"]
[BlackTeam "Koeln SF II"]
[WhiteTeamCountry "GER"]
[BlackTeamCountry "GER"]

1. d4 Nf6 2. Bg5 Ne4 3. Bf4 c5 4. f3 Qa5+ 5. c3 Nf6 6. d5 d6 7. e4 g6 8. Nd2 Bg7 9. Ne2 b5 10. a4 b4 11. cxb4 Qxb4 12. g4 Ba6 13. Ra3 0-0 14. Nc3 c4 15. Qc2 Nbd7 16. Na2 Qa5 17. Bxc4 Bxc4 18. Qxc4 Nxe4 19. fxe4 Bxb2 20. Rb3 Rfc8 21. Qb4 Qxb4 22. Rxb4 Nc5 23. Ke2 Ba3 24. Rc4 a5 25. Rb1 Kg7 26. Be3 Rab8 27. Rxb8 Rxb8 28. Nc3 Bb2 29. Bxc5 dxc5 30. Nb5 Be5 31. Nf3 Bf4 32. e5 g5 33. Rxc5 f6 34. e6 Kg6 35. Nbd4 h5 36. h3 Rb2+ 37. Kf1 Be3 38. Rc7 hxg4 39. hxg4 Rb4 40. Nf5 Bb6 41. Nxe7+ Kh7 42. d6 Rxa4 43. Nd5+ Bxc7 44. dxc7 1-0

[Event "Mittelrhein Regionalliga 18/19"]
[Site "Nordrheinwestfalen"]
[Date "2018.09.30"]
[Round "2.7"]
[White "Andok, Claus Michael"]
[Black "Lemaic, Mile"]
[Result "1/2-1/2"]
[WhiteElo "2067"]
[BlackElo "1969"]
[PlyCount "124"]
[EventDate "2018.10.28"]
[EventType "team-tourn"]
[EventRounds "11"]
[EventCountry "GER"]
[SourceTitle "EXT 2022"]
[Source "ChessBase"]
[SourceDate "2021.10.06"]
[SourceVersion "1"]
[SourceVersionDate "2021.10.06"]
[SourceQuality "1"]
[WhiteTeam "Aachen DJK Aufwärts III"]
[BlackTeam "Koeln SF II"]
[WhiteTeamCountry "GER"]
[BlackTeamCountry "GER"]

1. c4 c5 2. g3 d5 3. cxd5 Qxd5 4. Nf3 Nc6 5. Nc3 Qd7 6. Bg2 Nf6 7. d3 e5 8. 0-0 Be7 9. Be3 Bd6 10. Rc1 Qe7 11. Nb5 Nd4 12. Nfxd4 cxd4 13. Bd2 0-0 14. a3 Re8 15. Nxd6 Qxd6 16. Bb4 Qb6 17. Qd2 Bf5 18. Rc5 Nd7 19. Rd5 Be6 20. Rd6 Qb5 21. a4 Qxa4 22. Ba3 Rab8 23. Rc1 Nf6 24. Rc7 Qb3 25. Qc2 Qa2 26. Qc1 Rbc8 27. Rxc8 Bxc8 28. h3 h6 29. Qc7 Kh7 30. Rd8 Qe6 31. Rd6 Qa2 32. Rd8 Qe6 33. Rd6 Qb3 34. Kh2 b5 35. Qxa7 Be6 36. Qb7 Rc8 37. Rc6 Rxc6 38. Bxc6 Qd1 39. Be4+ g6 40. Bg2 Qxe2 41. Qf3 Qxf3 42. Bxf3 Bd5 43. Be7 Bxf3 44. Bxf6 e4 45. dxe4 d3 46. Bc3 h5 47. e5 Kg8 48. h4 Kf8 49. Bb4+ Ke8 50. Kg1 Kd7 51. Kf1 Ke6 52. Ke1 Kxe5 53. Kd2 Kd4 54. Be7 Bg4 55. Bf6+ Ke4 56. Bg5 Bf5 57. Bf6 Kf3 58. Bd4 Be4 59. Ke1 f5 60. Be3 b4 61. Bh6 Bc6 62. Bg5 Bd5 1/2-1/2

[Event "Mittelrhein Verbandsliga-S 17/18"]
[Site "Nordrheinwestfalen"]
[Date "2018.05.06"]
[Round "11.3"]
[White "Both, David"]
[Black "Lemaic, Mile"]
[Result "0-1"]
[WhiteElo "1895"]
[BlackElo "1955"]
[PlyCount "71"]
[EventDate "2017.09.10"]
[EventType "team-tourn"]
[EventRounds "11"]
[EventCountry "GER"]
[SourceTitle "EXT 2022"]
[Source "ChessBase"]
[SourceDate "2021.10.06"]
[SourceVersion "1"]
[SourceVersionDate "2021.10.06"]
[SourceQuality "1"]
[WhiteTeam "Troisdorf"]
[BlackTeam "Koeln SF III"]
[WhiteTeamCountry "GER"]
[BlackTeamCountry "GER"]

1. c4 e5 2. g3 Nf6 3. Bg2 d5 4. cxd5 Nxd5 5. Nf3 Nc6 6. 0-0 Be7 7. d4 e4 8. Ne5 e3 9. f4 0-0 10. Nc3 Nxe5 11. Nxd5 Ng4 12. Nxe3 c5 13. Nxg4 Bxg4 14. h3 Bc8 15. d5 f5 16. Qb3 Qb6 17. Qxb6 axb6 18. Bd2 Bd6 19. Bc3 Re8 20. Rfe1 b5 21. Kh2 b4 22. Bd2 b5 23. e4 fxe4 24. Rxe4 Rxe4 25. Bxe4 c4 26. Be3 Bd7 27. Bd4 b3 28. a3 b4 29. a4 Rxa4 30. Rc1 c3 31. Bd3 Ra2 32. Rb1 g6 33. Bc4 Bf5 34. Bxb3 Bxb1 35. Bxa2 Bxa2 36. bxc3 0-1

[Event "Mittelrhein Verbandsliga-S 17/18"]
[Site "Nordrheinwestfalen"]
[Date "2017.11.12"]
[Round "4.4"]
[White "Kossack, Philipp"]
[Black "Lemaic, Mile"]
[Result "1-0"]
[WhiteElo "1939"]
[BlackElo "1965"]
[PlyCount "107"]
[EventDate "2017.09.10"]
[EventType "team-tourn"]
[EventRounds "11"]
[EventCountry "GER"]
[SourceTitle "EXT 2022"]
[Source "ChessBase"]
[SourceDate "2021.10.06"]
[SourceVersion "1"]
[SourceVersionDate "2021.10.06"]
[SourceQuality "1"]
[WhiteTeam "Porz SG III"]
[BlackTeam "Koeln SF III"]
[WhiteTeamCountry "GER"]
[BlackTeamCountry "GER"]

1. d4 d5 2. c4 e6 3. Nc3 c6 4. Nf3 dxc4 5. a4 Bb4 6. e3 b5 7. Bd2 a5 8. axb5 Bxc3 9. Bxc3 cxb5 10. b3 Bb7 11. bxc4 b4 12. Bb2 Nf6 13. Ne5 0-0 14. c5 Nc6 15. Nc4 e5 16. Nd6 Ba6 17. Bxa6 Rxa6 18. d5 Ne7 19. e4 Nc8 20. Nb7 Qc7 21. c6 Nd6 22. Qd3 Raa8 23. Bxe5 Nfxe4 24. Qxe4 Nxe4 25. Bxc7 Nc3 26. Nxa5 Nxd5 27. Bd6 Rfe8+ 28. Kd2 Re6 29. Nb7 Rc8 30. c7 Nc3 31. Bxb4 Ne4+ 32. Kc2 Rxc7+ 33. Kb3 f5 34. Ra8+ Kf7 35. Nd8+ Kf6 36. Nxe6 Kxe6 37. Re1 Kf6 38. Ra6+ Kg5 39. f3 Nf6 40. f4+ Kg4 41. Rae6 Nd5 42. g3 Rb7 43. Kc4 Nxb4 44. R1e2 Kh3 45. Rb2 Nc6 46. Rxb7 Na5+ 47. Kd5 Nxb7 48. Re7 Na5 49. Rxg7 Kxh2 50. Ke6 Nc4 51. Kxf5 h5 52. Ke6 Ne3 53. f5 Ng4 54. f6 1-0

[Event "Mittelrhein Regionalliga 16/17"]
[Site "Nordrheinwestfalen"]
[Date "2016.10.23"]
[Round "3.7"]
[White "Lemaic, Mile"]
[Black "Goossens, Hanne"]
[Result "0-1"]
[WhiteElo "1935"]
[BlackElo "2167"]
[PlyCount "86"]
[EventDate "2016.09.11"]
[EventType "team-tourn"]
[EventRounds "11"]
[EventCountry "GER"]
[SourceTitle "EXT 2022"]
[Source "ChessBase"]
[SourceDate "2021.10.06"]
[SourceVersion "1"]
[SourceVersionDate "2021.10.06"]
[SourceQuality "1"]
[WhiteTeam "Koeln SF II"]
[BlackTeam "Aachen DJK Aufwärts III"]
[WhiteTeamCountry "GER"]
[BlackTeamCountry "GER"]

1. e4 c5 2. Nf3 e6 3. d4 cxd4 4. Nxd4 Nc6 5. c4 Nf6 6. Nc3 Bb4 7. Bg5 Bxc3+ 8. bxc3 Qa5 9. Nb5 Nxe4 10. Bf4 0-0 11. Bd3 Nxc3 12. Bxh7+ Kxh7 13. Qh5+ Kg8 14. Bd2 Qa4 15. Bxc3 Qxc4 16. f3 e5 17. a4 a6 18. Nc7 Qxc3+ 19. Kf2 Rb8 20. Rhd1 Qc5+ 21. Kf1 Nd4 22. Rac1 Qd6 23. f4 f6 24. Rd3 e4 25. Rdd1 Qxf4+ 26. Ke1 e3 27. Qd5+ Ne6 28. Rc2 Qxh2 29. a5 Qg3+ 30. Kf1 Qe5 31. Qb3 Kh8 32. Rd5 Qa1+ 33. Ke2 Nf4+ 34. Kf3 Qf1+ 35. Kg3 Nxd5 36. Qxd5 Qe1+ 37. Kh2 Qh4+ 38. Kg1 d6 39. Rc4 Qg5 40. Qxd6 Bh3 41. g3 Rbd8 42. Qf4 Qxf4 43. Rxf4 Rd1+ 0-1